000 00368 a2200145 4500
005 20250629141122.0
020 _a97818800242050
082 _a823.914 TUR
100 _aTURNEY, S
245 _aMasters od Rome: Rise of Emperors Book two
260 _aUnited Kingdoms
_bHead of Zeus Ltd
_c20121.
300 _a403p.
_c19cm
700 _aGordon Doherty
942 _2ddc
_cBKS
999 _c6390
_d6390